El Paradís perdut / (Record no. 137276)

MARC details
000 -CABECERA
campo de control de longitud fija 01429cam a2200385 a 4500
001 - NÚMERO DE CONTROL
campo de control 991006124929706706
003 - IDENTIFICADOR DEL NÚMERO DE CONTROL
campo de control ES-BaIT
005 - FECHA Y HORA DE LA ÚLTIMA TRANSACCIÓN
campo de control 20260316102620.0
008 - DATOS DE LONGITUD FIJA--INFORMACIÓN GENERAL
campo de control de longitud fija 140317s2014 spc| || 000 f cat|
015 ## - NÚMERO DE BIBLIOGRAFÍA NACIONAL
Número de bibliografía nacional LL2014
Fuente bnc
017 ## - NÚMERO DE COPYRIGHT O DE DEPÓSITO LEGAL
Número de copyright o de depósito legal DL B. 29001-2013
Agencia que asigna Biblioteca de Catalunya
020 ## - NÚMERO INTERNACIONAL ESTÁNDAR DEL LIBRO
Número Internacional Estándar del Libro 9788492405725
Información calificativa (cart.)
035 ## - NÚMERO DE CONTROL DEL SISTEMA
Número de control de sistema (ES-BaCBU).b58898761
035 ## - NÚMERO DE CONTROL DEL SISTEMA
Número de control de sistema (OCoLC)892220591
040 ## - FUENTE DE LA CATALOGACIÓN
Centro catalogador/agencia de origen ES-BaBC
Lengua de catalogación cat
Centro/agencia transcriptor ES-BaBC
Centro/agencia modificador ES-BaBC
041 0# - CÓDIGO DE LENGUA
Código de lengua del texto/banda sonora o título independiente cat
Código de lengua del sumario o resumen cat
-- eng
080 ## - NÚMERO DE LA CLASIFICACIÓN DECIMAL UNIVERSAL
Número de la Clasificación Decimal Universal 820-1"16"
100 ## - ENTRADA PRINCIPAL--NOMBRE DE PERSONA
Nombre de persona Milton, John,
Fechas asociadas al nombre 1608-1674
9 (RLIN) 155547
245 13 - MENCIÓN DE TÍTULO
Título El Paradís perdut /
Mención de responsabilidad, etc. John Milton ; traducció de Josep M. Boix i Selva ; introducció de Rosa Flotats
260 ## - PUBLICACIÓN, DISTRIBUCIÓN, ETC.
Lugar de publicación, distribución, etc. Martorell :
Nombre del editor, distribuidor, etc. Adesiara,
Fecha de publicación, distribución, etc. 2014
300 ## - DESCRIPCIÓN FÍSICA
Extensión 966 p. ;
Dimensiones 22 cm
490 1# - MENCIÓN DE SERIE
Mención de serie Col·lecció D'ací i D'allà ;
Designación de volumen o secuencia 35
500 ## - NOTA GENERAL
Nota general Reimpressions: 2021
546 ## - NOTA DE LENGUA/LENGUAJE
Nota de lengua/lenguaje Text en català, poemes en català i anglès
650 #0 - PUNTO DE ACCESO ADICIONAL DE MATERIA--TÉRMINO DE MATERIA
Término de materia o nombre geográfico como elemento de entrada Poesia anglesa
Subdivisión cronológica S. XVII
9 (RLIN) 169003
700 1# - ENTRADA AGREGADA--NOMBRE PERSONAL
Nombre de persona Boix i Selva, J. M.
Forma completa/desarrollada del nombre (Josep Maria),
Fechas asociadas al nombre 1914-1996
Término indicativo de función/relación trad.
9 (RLIN) 169004
700 1# - ENTRADA AGREGADA--NOMBRE PERSONAL
Nombre de persona Flotats i Crispi, Rosa
9 (RLIN) 169005
700 12 - ENTRADA AGREGADA--NOMBRE PERSONAL
Nombre de persona Milton, John,
Fechas asociadas al nombre 1608-1674.
Título de la obra Paradise lost
9 (RLIN) 169006
700 12 - ENTRADA AGREGADA--NOMBRE PERSONAL
Nombre de persona Milton, John,
Fechas asociadas al nombre 1608-1674.
Título de la obra Paradise lost.
Lenguaje de la obra Català
9 (RLIN) 169007
830 ## - PUNTO DE ACCESO ADICIONAL DE SERIE-TÍTULO UNIFORME
Título uniforme D'aci i d'allà (Adesiara Editorial)
9 (RLIN) 101246
Designación de volumen o secuencia 35
907 ## - ELEMENTOS DE DATOS G LOCAL, LDG (RLIN)
a .b58898761
b 17-02-21
c 17-03-14
d 17-03-14
e m
f a
g -
h cat
i spc
j 0
k 0
908 ## - COLOCAR PARÁMETRO DE COMANDO (RLIN)
Colocar parámetro de comando BC
-- CLR
-- UB
-- UPF
-- UdG
940 ## - EQUIVALENCIA O REFERENCIA-CRUZADA--TÍTULO UNIFORME [OBSOLETO] [solamente CAN/MARC]
Título uniforme <a href="BC">BC</a>
942 ## - ELEMENTOS DE ENTRADA AGREGADA (KOHA)
Fuente del sistema de clasificación o colocación Clasificación decimal universal
Tipo de ítem Koha Llibre
Holdings
Estado de retiro Estado de pérdida Fuente del sistema de clasificación o colocación Estado dañado No para préstamo Localización permanente Ubicación/localización actual Ubicación en estantería Fecha de adquisición Fuente de adquisición Total de préstamos Signatura topográfica completa Código de barras Fecha visto por última vez Precio válido a partir de Tipo de ítem Koha
    Clasificación decimal universal     Biblioteca Barcelona Biblioteca Barcelona BCN Lliure Accés 16/03/2026 Compra   82-1 MIL par 1900089944 16/03/2026 16/03/2026 Llibre

Powered by Koha